El seguro de crédito

Guardat en:
Dades bibliogràfiques
Autor principal: Serrano Spoerer, Lisandro (Autor)
Format: Llibre
Idioma:espanyol
Publicat: Santiago Jurídica de Chile 1970
Matèries:
Etiquetes: Afegir etiqueta
Sense etiquetes, Sigues el primer a etiquetar aquest registre!

MARC

LEADER 00000nam a2200000 a 4500
001 UCS1865
003 CL-VaPUC
008 970515e19700000CL |||||||||||||||||spa|d
082 0 4 |a 346.086  |b SER  |2 21 
100 0 |a Serrano Spoerer, Lisandro  |e author  |9 386720 
245 1 3 |a El seguro de crédito 
300 |a 171 p 
942 |c BK 
945 |d 19970515 00:00:00  |a paguirre 
260 |a Santiago  |b Jurídica de Chile  |c 1970 
650 0 |a Derecho comercial   |9 256340 
650 7 |a SEGUROS  |2 CL-VaPUC  |9 386721 
650 0 |a Crédito  |9 256211 
650 0 |a Contratos  |9 255153 
650 7 |a POLIZAS DE SEGURO  |2 CL-VaPUC  |9 386722 
583 |a last modification  |c 19970515 00:00:00  |k Rodrigo Vera 
999 |c 259897  |d 259895 
952 |0 0  |1 0  |4 0  |6 346_086000000000000_SER_1970  |7 0  |8 A  |9 285407  |a BIBDER  |b BIBDER  |d 2019-11-19  |i 1855190  |o 346.086 SER 1970  |p 1855190  |r 2023-01-25  |w 2019-11-19  |y BK  |k DER